Zefektívnenie výrobných procesov a zabezpečenie úspory nákladov ohrevom vody pomocou odpadového tepla
Saved in:
| Main Author: | |
|---|---|
| Other Authors: | |
| Format: | Manuscript Book |
| Language: | Slovak |
| Published: |
2016
|
| Subjects: | |
| Online Access: | http://is.stuba.sk/zp/portal_zp.pl?podrobnosti=129077 |
| Tags: |
No Tags, Be the first to tag this record!
|
MARC
| LEADER | 00000ntm a22000003a 4500 | ||
|---|---|---|---|
| 001 | stuzp57835 | ||
| 003 | SK-STU | ||
| 005 | 20160719155358.2 | ||
| 007 | ta | ||
| 008 | 150427s2015----xo-----f-mn---000-0-slo-d | ||
| 040 | |a STU |b slo | ||
| 041 | 0 | |a slo | |
| 100 | 1 | |a Morvay, Andrej |u 064000 |4 aut |U MTF Materiálovotechnologická fakulta |T MTF Ústav priemyselného inžinierstva a manažmentu |X 71585 |U M4000 |Y 84 |7 71585 | |
| 242 | 0 | 1 | |a Streamlining production processes and ensuring cost savings by heating water using waste heat |y eng |
| 245 | 1 | 0 | |a Zefektívnenie výrobných procesov a zabezpečenie úspory nákladov ohrevom vody pomocou odpadového tepla |
| 260 | |c 2016 | ||
| 650 | 4 | |a výrobný proces |2 slo | |
| 650 | 4 | |a kvalita |2 slo | |
| 650 | 4 | |a zlepšovanie |2 slo | |
| 650 | 4 | |a production process |2 eng | |
| 650 | 4 | |a improvement |2 eng | |
| 650 | 4 | |a quality |2 eng | |
| 700 | 1 | |a Lestyánszka Škůrková, Katarína |u 064000 |k Z1 |4 ths |U MTF Materiálovotechnologická fakulta |T MTF Ústav priemyselného inžinierstva a manažmentu |X 61397 |U M4000 |Y 84 |7 61397 | |
| 856 | 4 | |u http://is.stuba.sk/zp/portal_zp.pl?podrobnosti=129077 | |
| 996 | |c M* BP-7739 |l MMSKP |s P |a 0 |w stuzp57835_0001 | ||
| SQL | |a stuzp57835 |b DBP |c SLO |d Zefektívnenie výrobných procesov a zabezpečenie úspory nákladov ohrevom vody pomocou odpadového tepla |e 71585 |f Morvay, Andrej |g 064000 |h 61397 |i Lestyánszka Škůrková, Katarína |j 20160628 |k 171 |l 06 |m http://is.stuba.sk/zp/portal_zp.pl?podrobnosti=129077 |n B-KPR |o 5.2.57. kvalita produkcie | ||